CERN Accelerating science

000681839 001__ 681839
000681839 003__ SzGeCERN
000681839 005__ 20200214045949.0
000681839 0247_ $$2DOI$$a10.1140/epjc/s2004-01960-8
000681839 0248_ $$aoai:cds.cern.ch:681839$$pcerncds:CERN$$pcerncds:hep-ph$$pcerncds:CERN:FULLTEXT$$pcerncds:FULLTEXT
000681839 035__ $$9SPIRES$$a5718180
000681839 035__ $$9Inspire$$a632656
000681839 037__ $$9arXiv$$ahep-ph/0311085$$chep-ph
000681839 037__ $$aCERN-TH-2003-272
000681839 041__ $$aeng
000681839 084__ $$2CERN Library$$aTH-2003-271
000681839 088__ $$aCERN-TH-2003-272
000681839 100__ $$aWinter, Jan-Christopher$$uDresden, Tech. U.
000681839 245__ $$aA modified cluster-hadronization model
000681839 260__ $$c2004
000681839 269__ $$aGeneva$$bCERN$$c6 Nov 2003
000681839 300__ $$a18 p
000681839 340__ $$apaper
000681839 500__ $$9arXiv$$a18 pages, 8 figures
000681839 520__ $$aA new phenomenological cluster-hadronization model is presented. Its specific features are the incorporation of soft colour reconnection, a more general treatment of diquarks including their spin and giving rise to clusters with baryonic quantum numbers, and a dynamic separation of the regimes of clusters and hadrons according to their masses and flavours. The distinction between the two regions automatically leads to different cluster decay and transformation modes. Additionally, these aspects require an extension of individual cluster-decay channels that were available in previous versions of such models.
000681839 520__ $$9Inspire$$aA new phenomenological cluster-hadronization model is presented. Its specific features are the incorporation of soft colour reconnection, a more general treatment of diquarks including their spin and giving rise to clusters with baryonic quantum numbers, and a dynamic separation of the regimes of clusters and hadrons according to their masses and flavours. The distinction between the two regions automatically leads to different cluster decay and transformation modes. Additionally, these aspects require an extension of individual cluster-decay channels that were available in previous versions of such models.
000681839 595__ $$aCERN-TH
000681839 595__ $$aLANL EDS
000681839 595__ $$aOA
000681839 595__ $$aSIS:2005 PR/LKR added
000681839 65017 $$2SzGeCERN$$aParticle Physics - Phenomenology
000681839 690C_ $$aCERN
000681839 690C_ $$aARTICLE
000681839 693__ $$aNot applicable$$eNot applicable
000681839 695__ $$9LANL EDS$$aHigh Energy Physics - Phenomenology
000681839 700__ $$aKrauss, Frank$$uCERN$$uDresden, Tech. U.
000681839 700__ $$aSoff, Gerhard$$uDresden, Tech. U.
000681839 710__ $$5TH
000681839 720__ $$aWinter, Jan-Christopher
000681839 720__ $$aKrauss, Frank
000681839 720__ $$aSoff, Gerhard
000681839 773__ $$c381-395$$pEur. Phys. J. C$$v36$$y2004
000681839 852__ $$cCERN ARC Library$$hCERN-TH-2003-272
000681839 859__ $$fwinter@theory.phy.tu-dresden.de
000681839 8564_ $$uhttp://weblib.cern.ch/abstract?CERN-TH-2003-272$$wCERN-TH-2003-272$$yPreprint
000681839 8564_ $$81599949$$s262335$$uhttps://cds.cern.ch/record/681839/files/arXiv:hep-ph_0311085.pdf$$yPreprint
000681839 8564_ $$897387$$s102924$$uhttps://cds.cern.ch/record/681839/files/0311085.ps.gz$$yAccess to fulltext document
000681839 8564_ $$897387$$s116001$$uhttps://cds.cern.ch/record/681839/files/0311085.pdf$$yAccess to fulltext document
000681839 916__ $$sn$$w200345$$ya2005
000681839 960__ $$a13
000681839 961__ $$c20100417$$h1142$$lCER01$$x20031107
000681839 963__ $$aPUBLIC
000681839 964__ $$a0001
000681839 970__ $$a002408330CER
000681839 980__ $$aARTICLE